Защита прав и интересов организаций и граждан: уголовно-правовой, уголовно-процессуальный и криминологический аспект (состояние, проблемы, пути совершенствования). Общее состояние и региональная специфика Монография
В монографии исследуются актуальные вопросы связанные с защитой прав личности и организаций в том числе в условиях роста преступности и социальной напряженности. Рассматриваются уголовно-правовой международно-правовой и процессуальный аспекты обеспечения прав граждан и организаций. Для сотрудников п...
Na minha lista:
| Formato: | Монография |
|---|---|
| Edição: | 1 |
| Acesso em linha: | https://znanium.com/catalog/document?id=355438 https://znanium.com/cover/1010/1010072.jpg |
| Tags: |
Adicionar Tag
Sem tags, seja o primeiro a adicionar uma tag!
|
| LEADER | 02896nam0a2200337 i 4500 | ||
|---|---|---|---|
| 001 | RU\infra-m\znanium\bibl\1010072 | ||
| 003 | https://znanium.com/catalog/document?id=355438 | ||
| 005 | 20250409000000.0 | ||
| 010 | |a 978-5-91768-646-2 | ||
| 010 | |a 978-5-16-103259-6 |b электр. издание | ||
| 010 | |a 978-5-16-011170-4 |b ISBN соиздателя | ||
| 100 | |a 20250409d2020 m y0rusy0150 ca | ||
| 101 | 0 | |a rus | |
| 102 | |a RU | ||
| 200 | 1 | |a Защита прав и интересов организаций и граждан: уголовно-правовой, уголовно-процессуальный и криминологический аспект (состояние, проблемы, пути совершенствования). Общее состояние и региональная специфика |e Монография |f Московский государственный юридический университет им. О.Е. Кутафина | |
| 205 | |a 1 | ||
| 210 | 1 | |a Москва |c ООО "Юридическое издательство Норма" |d 2019 | |
| 215 | |a 144 с. | ||
| 330 | |a В монографии исследуются актуальные вопросы связанные с защитой прав личности и организаций в том числе в условиях роста преступности и социальной напряженности. Рассматриваются уголовно-правовой международно-правовой и процессуальный аспекты обеспечения прав граждан и организаций. Для сотрудников правоприменительных органов научных работников преподавателей студентов юридических учебных заведений. | ||
| 333 | |a ДПО - повышение квалификации | ||
| 606 | |a Право. Юридические науки |x Гражданское право |2 local | ||
| 608 | |a Монография |2 local | ||
| 675 | |a 343.3/.9(470+571) |z rus | ||
| 686 | |a 67.408.1(2Рос)+67.410.2(2 |2 rubbk | ||
| 686 | |a 40.03.01 |2 okso | ||
| 686 | |a 40.06.01 |2 okso | ||
| 686 | |a 44.03.05 |2 okso | ||
| 702 | 1 | |a Воскобитова |b Л.А. |g Лидия Алексеевна |p Московский государственный юридический университет им. О.Е. Кутафина |r Ответственный редактор | |
| 801 | 0 | |a RU |b Общество с ограниченной ответственностью «ЗНАНИУМ» |c 20181117 |2 rusmarc | |
| 856 | 4 | |a znanium.com |m ebs_support@infra-m.ru |n НИЦ ИНФРА-М |u https://znanium.com/catalog/document?id=355438 | |
| 856 | 4 | 1 | |a znanium.com |d /cover/1010 |f 1010072.jpg |q image/jpeg |u https://znanium.com/cover/1010/1010072.jpg |